Texts and tests : (Record no. 2163)

MARC details
000 -LEADER
fixed length control field 00599nam a22002052 4500
001 - CONTROL NUMBER
control field 0000003582
005 - DATE AND TIME OF LATEST TRANSACTION
control field 20151217145737.0
008 - FIXED-LENGTH DATA ELEMENTS--GENERAL INFORMATION
fixed length control field 070510s xx 000 0 eng d
020 ## - INTERNATIONAL STANDARD BOOK NUMBER
International Standard Book Number 0325004919 :
Terms of availability KES 2,995
040 ## - CATALOGING SOURCE
Original cataloging agency KABU
Transcribing agency KABU
050 #0 - LIBRARY OF CONGRESS CALL NUMBER
Classification number LB1601
Item number .F55
100 1# - MAIN ENTRY--PERSONAL NAME
Personal name Flippo, Rona F.
-- 0000136898
245 10 - TITLE STATEMENT
Title Texts and tests :
Remainder of title teaching study skills across content areas.
260 ## - PUBLICATION, DISTRIBUTION, ETC. (IMPRINT)
Place of publication, distribution, etc. Portsmouth, NH :
Name of publisher, distributor, etc. Heinemann,
Date of publication, distribution, etc. 2004.
300 ## - PHYSICAL DESCRIPTION
Extent xiv, 127 p.
650 #0 - SUBJECT ADDED ENTRY--TOPICAL TERM
Topical term or geographic name as entry element Study skills.
-- 0000153594
908 ## - PUT COMMAND PARAMETER (RLIN)
Put command parameter 070510
950 ## - LOCAL HOLDINGS (RLIN)
-- 1
Holdings
Withdrawn status Lost status Source of classification or shelving scheme Not for loan Home library Current library Date acquired Total Checkouts Full call number Barcode Date last seen Price effective from Koha item type
    Library of Congress Classification   Kabarak, Main Campus Kabarak, Main Campus 17/12/2015   LB1601 .F55 007631 17/12/2015 17/12/2015 General Collection
Designed with assistance from East African Informatics Ltd